| 000 | 00512nab a2200145Ia 4500 | ||
|---|---|---|---|
| 003 | ES-SlBCS | ||
| 005 | 20210601133733.0 | ||
| 008 | 140529s1997 xxu||||| |||| 00| 0 por d | ||
| 041 | _apor | ||
| 100 | 1 |
_aGhiraldelli Jr., Paolo _9208944 |
|
| 245 | 0 | 0 |
_aO que é um Bom professor? O professor no discurso pedagógico do mudo moderno e contemporâneo _c Paolo Ghiraldelli Jr. |
| 650 | 0 | 4 |
_aBuen Profesor _9208945 |
| 773 | 0 |
_tEducaçao e Filosofia _gvol. 11, nº. 211-22, 1997, págs. 2245-262 _wRev1534 |
|
| 942 | _cAR | ||
| 999 |
_c601307 _d601307 |
||